Minor, Minor Movie Characters Quiz Stats

 Plays Quiz Updated Aug 22, 2015

Challenge
Share
Tweet
Score 0/20 Timer 05:00
9 Plays Today
% Correct
Elf
96.5%
Jaws
94.7%
Dr. Seuss' How the Grinch Stole Christmas
84.7%
Aladdin
84.4%
Toy Story 3
83.5%
Home Alone
78%
The Jungle Book
76.9%
The Hunger Games
76.2%
Star Wars Episode I: The Phantom Menace
69.3%
Wreck-It Ralph
63.3%
% Correct
Harry Potter and the Goblet of Fire
60.2%
WALL-E
51.7%
Ghostbusters 2
35.1%
Goodfellas
33.4%
Back to the Future Part II
31.1%
Twister
26.3%
Willy Wonka and the Chocolate Factory
25.2%
Indiana Jones and the Temple of Doom
23.5%
Apollo 13
16.3%
City Slickers
4.8%

You're not logged in!

Compare scores with friends on all Sporcle quizzes.
Join for Free
OR
Log In

You Might Also Like...

Show Comments

Extras

Top Quizzes Today


Score Distribution

Your Account Isn't Verified!

In order to create a playlist on Sporcle, you need to verify the email address you used during registration. Go to your Sporcle Settings to finish the process.

Report this User

Report this user for behavior that violates our Community Guidelines.

Details: